[Event "Capablanca mem-A"]
[Site "Cienfuegos"]
[Date "1985.??.??"]
[Round "5"]
[White "Sunye Neto, Jaime"]
[Black "Palatnik, Semon"]
[Result "1/2-1/2"]
[WhiteElo "2510"]
[BlackElo "2455"]

1.c4 Nf6 2.Nc3 c5 3.Nf3 e6 4.g3 d5 5.cxd5 Nxd5 6.Bg2 Nc6 7.O-O Be7 8.d4 O-O
9.Nxd5 exd5 10.dxc5 Bxc5 11.Qc2 Bb6 12.Ng5 g6 13.Qd2 Bd4 14.Qf4 h6 15.Nf3  1/2-1/2

[Event "Dresden"]
[Site "Dresden"]
[Date "1985.??.??"]
[Round "3"]
[White "Espig, Lutz"]
[Black "Gauglitz, Gernot"]
[Result "1/2-1/2"]
[WhiteElo "2420"]
[BlackElo "2365"]

1.Nf3 Nf6 2.c4 c5 3.Nc3 e6 4.g3 b6 5.Bg2 Bb7 6.O-O Be7 7.d4 cxd4 8.Qxd4 d6
9.Bg5 a6 10.Bxf6 Bxf6 11.Qf4 O-O 12.Rfd1 Be7 13.Ne4 Bxe4 14.Qxe4 Ra7 15.Nd4 Qc8
16.b3 Bf6 17.Rd2 Qc5 18.a4 Rd7 19.Rb1 Rc8 20.e3 Qb4 21.Qd3 h6  1/2-1/2

[Event "Dresden"]
[Site "Dresden"]
[Date "1985.??.??"]
[Round "5"]
[White "Espig, Lutz"]
[Black "Gruenberg, Hans Ulrich"]
[Result "1/2-1/2"]
[WhiteElo "2420"]
[BlackElo "2470"]

1.Nf3 Nf6 2.c4 c5 3.Nc3 e6 4.g3 b6 5.Bg2 Bb7 6.O-O a6 7.b3 d6 8.Bb2 Be7 9.e3 O-O
10.d4 cxd4 11.Nxd4 Qc7 12.e4 Re8 13.Rc1 Nbd7 14.Re1 Bf8 15.Rc2  1/2-1/2

[Event "Dresden"]
[Site "Dresden"]
[Date "1985.??.??"]
[Round "7"]
[White "Uhlmann, Wolfgang"]
[Black "Gruenberg, Hans Ulrich"]
[Result "1-0"]
[WhiteElo "2515"]
[BlackElo "2470"]

1.c4 Nf6 2.Nc3 c5 3.Nf3 e6 4.g3 b6 5.Bg2 Bb7 6.d4 cxd4 7.Qxd4 Be7 8.O-O d6
9.e4 a6 10.Qe3 Nbd7 11.Nd4 Qc7 12.b3 O-O 13.Bb2 Rfe8 14.Rfe1 Bf8 15.Re2 Rac8
16.Rd1 Qb8 17.Qd2 Nc5 18.Ba1 Qa8 19.f3 Red8 20.Kh1 g6 21.Qe3 Bg7 22.Red2 Re8
23.Qf2 Bh6 24.Re2 Red8 25.Nc2 Ne8 26.Ne3 Bg7 27.Red2 b5 28.Ne2 Bxa1 29.Rxa1 Nd7
30.Rad1 Qa7 31.cxb5 axb5 32.Nd4 Qb6 33.Bf1 Ba6 34.Nec2 Qa5 35.b4 Qb6 36.Nxb5 Bxb5
37.Qxb6 Nxb6 38.Bxb5 Nc4 39.Re2 Nb2 40.Rb1 Nc7 41.Bc6 Nc4 42.a4 d5 43.exd5 Nxd5
44.Bxd5 Rxd5 45.b5 Nd2 46.Rb2 Nxf3 47.b6 Rb8 48.Kg2 Nd2 49.Ne3  1-0

[Event "Dresden"]
[Site "Dresden"]
[Date "1985.??.??"]
[Round "8"]
[White "Smagin, Sergey"]
[Black "Schmidt, Wlodzimierz"]
[Result "1-0"]
[WhiteElo "2485"]
[BlackElo "2470"]

1.Nf3 Nf6 2.c4 c5 3.Nc3 d5 4.cxd5 Nxd5 5.e4 Nb4 6.Bc4 Nd3+ 7.Ke2 Nf4+ 8.Kf1 Ne6
9.Ne5 Qd6 10.Bb5+ Nd7 11.Nc4 Qb8 12.Ne2 Nc7 13.a4 Nxb5 14.axb5 e5 15.d3 Bd6
16.Ng3 g6 17.Bh6 b6 18.Ne2 Bf8 19.Qc1 f6 20.Nc3 Kf7 21.Be3 Bg7 22.Qd1 Nf8
23.h4 h5 24.Nd5 Ne6 25.Rg1 Bb7 26.g4 Qd8 27.Qf3 hxg4 28.Nxe5+ Kg8 29.Qxg4 Bxd5
30.exd5 Qxd5 31.Nxg6  1-0

[Event "Esbjerg"]
[Site "Esbjerg"]
[Date "1985.??.??"]
[Round "10"]
[White "Olafsson, Helgi"]
[Black "Plaskett, Jim"]
[Result "1/2-1/2"]
[WhiteElo "2515"]
[BlackElo "2480"]

1.Nf3 Nf6 2.c4 e6 3.Nc3 c5 4.g3 d5 5.cxd5 Nxd5 6.Bg2 Nc6 7.O-O Be7 8.d4 O-O
9.e4 Nb6 10.d5 exd5 11.exd5 Nb4 12.Ne5 Bd6 13.Nd3 Bg4 14.Qxg4 Nxd3 15.Bg5 f5
16.Qh4 Qd7  1/2-1/2

[Event "Frunze"]
[Site "Frunze"]
[Date "1985.??.??"]
[Round "9"]
[White "Makarichev, Sergey"]
[Black "Velikov, Petar"]
[Result "1-0"]
[WhiteElo "2495"]
[BlackElo "2450"]

1.c4 c5 2.Nf3 Nf6 3.Nc3 e6 4.e3 Nc6 5.d4 d5 6.cxd5 Nxd5 7.Bd3 cxd4 8.exd4 Be7
9.O-O O-O 10.a3 Nf6 11.Bc2 b6 12.Qd3 Bb7 13.Re1 Re8 14.d5 exd5 15.Bg5 Ne4
16.Nxe4 dxe4 17.Qxe4 g6 18.Qh4 Qc7 19.Bb3 h5 20.Rac1 Bf8 21.Bf6 Bg7 22.Bxg7 Kxg7
23.Ng5 Rxe1+ 24.Rxe1 Qd7 25.Bxf7 Nd4 26.h3 Nf5 27.Qf4 Qc6 28.f3 Qc5+ 29.Kh2 Qf2
30.Re6 Nh4 31.Rxg6+ Nxg6 32.Ne6+  1-0

[Event "Havana-B"]
[Site "Havana"]
[Date "1985.??.??"]
[Round "2"]
[White "Frey, Kenneth"]
[Black "Pigusov, Evgeny"]
[Result "1/2-1/2"]
[WhiteElo "2410"]
[BlackElo "2455"]

1.Nf3 Nf6 2.c4 c5 3.Nc3 b6 4.e3 Bb7 5.d4 cxd4 6.exd4 e6 7.Bd3 Be7 8.O-O d5
9.cxd5 Nxd5 10.Ne5 O-O 11.Qh5 f5 12.Bc4 Bf6 13.Re1 Qd6 14.Bg5 Nd7 15.Bxf6 N7xf6
16.Qg5 Rac8 17.Bxd5 Bxd5 18.Qe3 Rfe8 19.f3  1/2-1/2

[Event "Havana-B"]
[Site "Havana"]
[Date "1985.??.??"]
[Round "6"]
[White "Vilela, Jose Luis"]
[Black "Zaltsman, Vitaly F"]
[Result "1-0"]
[WhiteElo "2415"]
[BlackElo "2410"]

1.c4 c5 2.Nf3 Nf6 3.Nc3 e6 4.g3 Nc6 5.Bg2 d5 6.O-O d4 7.Na4 e5 8.d3 Be7 9.Bg5 Ng4
10.Bxe7 Qxe7 11.Qb3 Bd7 12.Qxb7 Rb8 13.Qa6 e4 14.Nh4 Nf6 15.dxe4 O-O 16.e5 Qxe5
17.Bxc6 Qd6 18.b3 Bxc6 19.Nf5 Qd7 20.Qxc6 Qxf5 21.Qxc5 Qe4 22.Rfd1 Rbd8 23.Rd2 h5
24.Rad1 Rfe8 25.Qg5 Qc6 26.Qf4 Ng4 27.Qf3 Qg6 28.Rxd4 Rxd4 29.Rxd4 Qb1+ 30.Kg2 Qxa2
31.h3 Ne5 32.Qe3 Re6 33.Re4 f6 34.f4 Rb6 35.fxe5 Rxb3 36.Qxa7 Qc2 37.Nc5 Rb1
38.Qa8+ Kh7 39.Re3 Qd1 40.Qe4+ g6 41.Qxb1  1-0

[Event "Havana-B"]
[Site "Havana"]
[Date "1985.??.??"]
[Round "11"]
[White "Ortega, Lexy"]
[Black "Vilela, Jose Luis"]
[Result "0-1"]
[WhiteElo "2385"]
[BlackElo "2415"]

1.Nf3 Nf6 2.c4 c5 3.Nc3 b6 4.d4 cxd4 5.Nxd4 Bb7 6.f3 Nc6 7.e4 e6 8.Be3 Qb8
9.Qd2 Bd6 10.g3 O-O 11.Bg2 Nxd4 12.Bxd4 Be5 13.O-O Qd6 14.Rfd1 Rfd8 15.Nb5 Bxd4+
16.Qxd4 Qxd4+ 17.Rxd4 Kf8 18.a4 a5 19.Rad1 Ke7 20.e5 Ne8 21.f4 Bxg2 22.Kxg2 Rac8
23.Kf3 Rc6 24.Ke3 f6 25.b3 Rc5 26.Ke4 Rc6 27.R4d3 Rc5 28.R1d2 h6 29.h4 h5
30.Nd6 Nxd6+ 31.Rxd6 f5+ 32.Kd4 Rc6 33.Kc3 Ke8 34.R2d4 Rxd6 35.Rxd6 Rb8 36.c5 Rc8
37.Rxb6 Rxc5+ 38.Kd4 Rc1 39.Rb5 Rg1 40.Rxa5 Rxg3 41.b4 Rf3 42.b5 Rxf4+ 43.Kc5 Rf3
44.b6  0-1

[Event "Havana-B"]
[Site "Havana"]
[Date "1985.??.??"]
[Round "11"]
[White "Frey, Kenneth"]
[Black "Dlugy, Maxim"]
[Result "1/2-1/2"]
[WhiteElo "2410"]
[BlackElo "2485"]

1.Nf3 Nf6 2.c4 c5 3.Nc3 e6 4.e3 Nc6 5.d4 d5 6.dxc5 Bxc5 7.a3 a5 8.cxd5 exd5
9.Be2 O-O 10.O-O Be6 11.Nb5 Ne4 12.Bd2 Qb6 13.Bc3 Nxc3 14.bxc3 a4 15.Qc2 Qd8  1/2-1/2

[Event "DDR-ch 34th"]
[Site "Jueterbog"]
[Date "1985.??.??"]
[Round "?"]
[White "Uhlmann, Wolfgang"]
[Black "Womacka, Mathias"]
[Result "1-0"]
[WhiteElo "2470"]
[BlackElo "2375"]

1.c4 c5 2.Nf3 Nf6 3.Nc3 e6 4.g3 b6 5.Bg2 Bb7 6.d4 cxd4 7.Qxd4 d6 8.O-O a6
9.e4 Nbd7 10.Qe3 Be7 11.Nd4 Qc7 12.b3 O-O 13.Bb2 Rfe8 14.Rfe1 Rad8 15.Re2 Bf8
16.Qd2 Nc5 17.Rd1 Ng4 18.Nc2 g6 19.Ne3 Bh6 20.f4 Nxe3 21.Qxe3 Bg7 22.b4 Nd7
23.Red2 Nb8 24.Bf1 Bf8 25.Qd4 e5 26.Qf2 Nd7 27.f5 Be7 28.Rc2 Nf6 29.Bd3 Rc8
30.Bc1 Qd8 31.h3 d5 32.Nxd5 Nxd5 33.cxd5 Bxb4 34.Be3 Rxc2 35.Bxc2 b5 36.d6 Qd7
37.Kh2 Rc8 38.fxg6 hxg6 39.Bb3 Kg7 40.Rf1 f5 41.exf5 Bxd6 42.Be6 Qe8 43.f6+ Kh7
44.Bxc8 Bxc8 45.f7  1-0

[Event "Jurmala"]
[Site "Jurmala"]
[Date "1985.??.??"]
[Round "5"]
[White "Yap, Andronico"]
[Black "Utasi, Tamas"]
[Result "0-1"]
[WhiteElo "2400"]
[BlackElo "2480"]

1.Nf3 Nf6 2.c4 c5 3.Nc3 e6 4.g3 Nc6 5.d4 d5 6.cxd5 Nxd5 7.Bg2 Be7 8.O-O O-O
9.Nxd5 exd5 10.dxc5 Bxc5 11.Bg5 f6 12.Rc1 Bb6 13.Bf4 Be6 14.Ne1 Re8 15.Nd3 Bg4
16.Re1 Nd4 17.Bf1 Qe7 18.Qd2 Bxe2 19.Bg2 Qf7 20.Be3 Nf3+ 21.Bxf3 Bxf3 22.Bxb6 axb6
23.Qf4 Be4 24.Rc7 Bxd3 25.Rxf7 Rxe1+ 26.Kg2 Bf1+ 27.Kf3 Kxf7 28.Qc7+ Re7
29.Qd6 Ra5 30.g4 Bd3 31.Kg3 Bb1 32.a3 Rc5 33.h4 Ba2 34.Qxb6 Rc6 35.Qd4 Re4
36.Qd3 Bc4 37.Qd1 Rb6 38.b4 Rd6 39.Qc2 h6 40.a4 Rde6 41.Qd2 R6e5 42.b5 h5
43.gxh5 Rxh5 44.Qa5 Rexh4 45.Qc7+ Kg6 46.Qxb7 Rh3+ 47.Kg2 Rh2+ 48.Kg3 R5h3+
49.Kg4 Be2+ 50.f3 Rxf3 51.Qb6 Rh5  0-1

[Event "URS-ch sf"]
[Site "Kostroma"]
[Date "1985.??.??"]
[Round "4"]
[White "Taborov, Boris"]
[Black "Dolmatov, Sergey"]
[Result "1/2-1/2"]
[WhiteElo "2365"]
[BlackElo "2540"]

1.c4 Nf6 2.Nc3 e6 3.Nf3 c5 4.g3 b6 5.Bg2 Bb7 6.O-O Be7 7.d4 cxd4 8.Qxd4 d6
9.Bg5 a6 10.Bxf6 Bxf6 11.Qd3 Ra7 12.Rac1 Be7 13.Nd4 Bxg2 14.Kxg2 O-O 15.f4 g6
16.Rf3 Qc8 17.Rcf1 Nd7 18.b3 Rc7 19.e4 Bf6 20.Nde2 Be7 21.h4 Qb7 22.Kh2 Rb8
23.a4 Bf8 24.Re3 Qc6 25.f5 Ne5 26.Qd2 Re8 27.Nf4 Bg7 28.Nce2 Qc5 29.Nd3 Nxd3
30.Rxd3 exf5 31.exf5 b5 32.cxb5 axb5 33.f6  1/2-1/2

[Event "WchT U26"]
[Site "Mendoza"]
[Date "1985.??.??"]
[Round "10"]
[White "Barbero, Gerardo F"]
[Black "Dlugy, Maxim"]
[Result "1/2-1/2"]
[WhiteElo "2365"]
[BlackElo "2485"]

1.c4 c5 2.Nc3 Nf6 3.Nf3 e6 4.g3 d5 5.cxd5 Nxd5 6.Bg2 Nc6 7.d4 Be7 8.O-O O-O
9.Nxd5 exd5 10.dxc5 Bxc5 11.Bg5 Qb6 12.Qxd5 Be6 13.Qd2 h6 14.Be3 Bxe3 15.Qxe3 Qxb2
16.Rfb1 Qf6 17.Nd2 Bf5 18.Ne4 Bxe4 19.Qxe4 Rad8 20.Qf4 Qe7 21.Rb2 Rd4 22.Qc1 Rd6
23.Rab1 Rfd8 24.e3 Na5 25.Rc2 b6 26.Bf3 Nb7 27.Rc7 R6d7 28.Rxd7 Rxd7 29.Qc8+ Kh7
30.Qc4 Nc5 31.Bd5 f5 32.Rd1 Kh8 33.Rd4 Rc7 34.Qe2 Ne6 35.Rd1 Ng5 36.Qh5 Kh7
37.h4 g6 38.Qe2 Ne4 39.Rd4 Nc3 40.Qd3 Nxd5 41.Rxd5 h5 42.Rd8 Qe5 43.Qb3 Qg7
44.Qe6 Qf7 45.Qe5 Qg7 46.Qd5 Qf7 47.Qd4 Qg7 48.Qd2 Qe5 49.Rd7+ Rxd7 50.Qxd7+ Qg7
51.Qd5 Qe7  1/2-1/2

[Event "Moscow"]
[Site "Moscow"]
[Date "1985.??.??"]
[Round "?"]
[White "Polugaevsky, Lev"]
[Black "Ftacnik, Lubomir"]
[Result "1-0"]
[WhiteElo "2625"]
[BlackElo "2545"]

1.c4 c5 2.Nf3 Nf6 3.Nc3 e6 4.d4 cxd4 5.Nxd4 Bb4 6.g3 Ne4 7.Qd3 Qa5 8.Nb3 Nxc3
9.Bd2 Ne4 10.Qxe4 Bxd2+ 11.Nxd2 O-O 12.Bg2 Nc6 13.Qe3 d5 14.O-O d4 15.Qd3 Rd8
16.a3 Ne5 17.Qc2 Qc7 18.Qe4 a5 19.Rac1 a4 20.c5 Ra5 21.b4 axb3 22.Nxb3 Ra4
23.Qf4 h6 24.h4 Bd7 25.Nxd4 Bc6 26.Rfd1 Bxg2 27.Kxg2 Rd5 28.Nxe6 Qc6 29.e4 Rxd1
30.Qxe5 fxe6 31.Rxd1 Rxe4 32.Qb8+ Kh7 33.Qd6 Rc4+ 34.Qxc6 bxc6 35.Re1 Rxc5
36.Rxe6 Rc1 37.Kf3 c5 38.Re3 Rc2 39.a4 Ra2 40.Re4 Kg6 41.Rf4 Kh5 42.Ke3 Ra3+
43.Kd2 g5 44.hxg5 hxg5 45.Rc4 Rf3 46.Ke1 Ra3 47.Ke2 Kg6 48.g4 Kf6 49.Kd2 Ra1
50.Kd3 Ra3+ 51.Kc2 Ke6 52.Kb2 Rf3 53.Rxc5 Rf4 54.Kb3 Rxg4 55.a5 Rf4 56.Rc2 Kd5
57.a6 Rf8 58.Ka4 Kd6 59.Kb5 Rb8+ 60.Ka5 Rb1 61.Rc4  1-0

[Event "Moscow"]
[Site "Moscow"]
[Date "1985.??.??"]
[Round "?"]
[White "Vaganian, Rafael A"]
[Black "Dolmatov, Sergey"]
[Result "1/2-1/2"]
[WhiteElo "2640"]
[BlackElo "2540"]

1.Nf3 Nf6 2.c4 c5 3.Nc3 e6 4.g3 b6 5.Bg2 Bb7 6.O-O Be7 7.d4 cxd4 8.Qxd4 d6
9.Bg5 a6 10.Bxf6 Bxf6 11.Qd3 Ra7 12.Rfd1 Be7 13.Ne4 Bxe4 14.Qxe4 O-O 15.Nd4 Qc8
16.b3 Rc7 17.Qe3 Re8 18.Rac1 Rc5 19.Qd2 Rd8 20.e3 Qd7 21.b4 Rc7 22.Rc2 g6
23.Rdc1 Rdc8 24.Qd3 Qa4 25.b5 axb5 26.cxb5 Rxc2 27.Rxc2 Rxc2 28.Qxc2 Qxc2
29.Nxc2 d5 30.e4 dxe4 31.Bxe4 Bc5 32.Kf1 Kf8 33.Ke2 Ke7 34.Ne3 f5  1/2-1/2

[Event "Moscow-B"]
[Site "Moscow"]
[Date "1985.??.??"]
[Round "?"]
[White "Arkhipov, Sergey"]
[Black "Szekely, Peter"]
[Result "1/2-1/2"]
[WhiteElo "2550"]
[BlackElo "2415"]

1.Nf3 c5 2.c4 Nf6 3.Nc3 b6 4.b3 Bb7 5.Bb2 e6 6.g3 Be7 7.Bg2 O-O 8.O-O d5
9.e3 Nc6 10.cxd5 Nxd5 11.Nxd5 Qxd5 12.d4 Na5 13.Ba3 Rfd8 14.Rc1 Qf5 15.Qe2 Be4
16.Rfd1 Nc6 17.dxc5 bxc5 18.Bxc5 Rxd1+ 19.Qxd1 Rd8 20.Qe2 Bd3 21.Qb2 Bxc5
22.Nh4 Qg5 23.Bxc6 Bxe3 24.fxe3 Qxe3+ 25.Kg2 g5  1/2-1/2

[Event "Moscow-B"]
[Site "Moscow"]
[Date "1985.??.??"]
[Round "?"]
[White "Spassov, Liuben"]
[Black "Lerner, Konstantin Z"]
[Result "1/2-1/2"]
[WhiteElo "2415"]
[BlackElo "2520"]

1.Nf3 c5 2.c4 Nf6 3.Nc3 e6 4.g3 d5 5.cxd5 Nxd5 6.Bg2 Nc6 7.O-O Be7 8.d4 O-O
9.Nxd5 exd5 10.dxc5 Bxc5 11.a3 a5 12.b3 Bf5 13.Bb2 Re8 14.e3 Be4 15.Nd4 Qf6
16.Rc1 Bxd4 17.Bxd4 Qf5 18.Rc5 Bxg2 19.Kxg2 Rad8 20.Qf3 Qd3 21.Rc3 Qg6 22.Rd1 Re4
23.Rcd3 h5 24.Bb2 Ne7 25.Rd4 Rd6 26.Qe2 h4 27.a4 Rc6 28.Qd3 Rce6 29.Rc1 Qf5
30.Rxe4 dxe4 31.Qe2 hxg3 32.fxg3 Rh6 33.Bd4 Qh3+ 34.Kg1 Nf5 35.Qg2 Qg4 36.Rf1 Rc6
37.Qf2 g6 38.Ba1 f6 39.Qd2 Rd6 40.Qc3 Re6 41.Qd2 Rd6 42.Qc3 Rd1 43.Rxd1 Qxd1+
44.Kg2 Qf3+ 45.Kg1 Nxe3 46.Qc8+ Kg7 47.Qd7+ Kh6 48.Qh3+ Qh5 49.Qxh5+ Kxh5
50.Bxf6 Kg4 51.Kf2 Nd5 52.Bd8 b6 53.h4 Kf5 54.Bg5 Kg4 55.Bd8 Kh3 56.Bg5 Kg4
57.Bd8 Kh3  1/2-1/2

[Event "Naleczow"]
[Site "Naleczow"]
[Date "1985.??.??"]
[Round "8"]
[White "Hawelko, Marek"]
[Black "Redzepagic, Rolando"]
[Result "0-1"]
[WhiteElo "2420"]
[BlackElo "2345"]

1.Nf3 Nf6 2.c4 c5 3.Nc3 b6 4.d4 cxd4 5.Nxd4 Bb7 6.Bg5 a6 7.Bxf6 gxf6 8.e4 e6
9.a3 Nc6 10.Be2 Rc8 11.Nxc6 Bxc6 12.O-O Qc7 13.g3 Qe5 14.Qd3 h5 15.h4 Bc5
16.Kh2 a5 17.Rad1 Qb8 18.Rd2 Qb7 19.Nd5 Rh6 20.Qf3 Bxd5 21.cxd5 Kf8 22.Qf4 Kg7
23.dxe6 dxe6 24.Rc1 Be3 25.Qxe3 Rxc1 26.Bb5 Qc7 27.b4 axb4 28.axb4 Qc3 29.Bd3 Rh8
30.e5 Qxe5 31.Be4 Qc3 32.Rd3 Qe1 33.Qf4 Rhc8 34.Bg2 R8c2 35.Rf3 Qe5  0-1

[Event "Naleczow"]
[Site "Naleczow"]
[Date "1985.??.??"]
[Round "9"]
[White "Dobosz, Henryk"]
[Black "Dejkalo, Stefan"]
[Result "1-0"]
[WhiteElo "2390"]
[BlackElo "2355"]

1.c4 Nf6 2.Nc3 c5 3.Nf3 e6 4.g3 d5 5.cxd5 Nxd5 6.Bg2 Nc6 7.O-O Be7 8.Nxd5 exd5
9.d4 O-O 10.Be3 c4 11.Ne5 Bf5 12.h3 h5 13.g4 hxg4 14.hxg4 Be6 15.f4 Nxe5
16.dxe5 Bxg4 17.Bxd5 Qc7 18.Qe1 Rad8 19.Rd1 Bc5 20.Qf2 Bxe3 21.Qxe3 Bxe2
22.Bxf7+ Qxf7 23.Rxd8 Qg6+ 24.Kf2 Rxd8 25.Qxe2 Rd3 26.Rg1 Qb6+ 27.Kg2 Qd4
28.Qg4 Qe4+ 29.Kh2 Qh7+ 30.Kg2 Rd2+ 31.Kg3 Qd3+ 32.Qf3 Rxb2 33.Qxd3 cxd3
34.f5 Rxa2 35.Kf4 Re2 36.f6 d2 37.Rxg7+ Kf8 38.Rd7 b5 39.Kf5 b4 40.Ke6 Kg8
41.Rd8+ Kh7 42.f7 Rf2 43.Rxd2 Rf3  1-0

[Event "New York op"]
[Site "New York"]
[Date "1985.??.??"]
[Round "5"]
[White "Saidy, Anthony Fred"]
[Black "Gheorghiu, Florin"]
[Result "1/2-1/2"]
[WhiteElo "2420"]
[BlackElo "2530"]

1.c4 c5 2.Nf3 Nf6 3.Nc3 b6 4.g3 Bb7 5.Bg2 e6 6.O-O a6 7.b3 d6 8.Re1 Be7 9.Bb2 O-O
10.e4 Nc6 11.d4 cxd4 12.Nxd4 Nxd4 13.Qxd4 Rb8 14.Rad1 Qc7 15.Re2 Rfd8 16.Red2 Bc6
17.Ba3 h6 18.Qe3 b5 19.e5 b4 20.exf6 Bxf6 21.Bb2 bxc3 22.Bxc3 Bxc3 23.Qxc3 Bxg2
24.Kxg2 d5 25.Rd4 Rdc8 26.Qf3 Qa5 27.cxd5 Qxa2 28.dxe6 fxe6 29.R1d3 Qc2 30.Rd6 Rf8
31.Qe3 Kh8 32.Qd2 Qxd2 33.Rxd2 Rxb3 34.Rxa6 Rf6 35.Re2 Rbf3 36.Raxe6  1/2-1/2

[Event "JUG-ch"]
[Site "Novi Sad"]
[Date "1985.??.??"]
[Round "?"]
[White "Rukavina, Josip"]
[Black "Cebalo, Miso"]
[Result "1/2-1/2"]
[WhiteElo "2470"]
[BlackElo "2485"]

1.Nf3 Nf6 2.c4 c5 3.Nc3 e6 4.g3 b6 5.Bg2 Bb7 6.O-O Be7 7.b3 O-O 8.Bb2 d6
9.d4 cxd4 10.Qxd4 a6 11.Rfd1 Qc7 12.Rac1 Nbd7 13.h3 Rac8 14.e4 Rfd8 15.Qe3 Qb8  1/2-1/2

[Event "JUG-ch"]
[Site "Novi Sad"]
[Date "1985.??.??"]
[Round "?"]
[White "Damljanovic, Branko"]
[Black "Barlov, Dragan"]
[Result "1/2-1/2"]
[WhiteElo "2410"]
[BlackElo "2430"]

1.Nf3 Nf6 2.c4 c5 3.Nc3 e6 4.g3 b6 5.Bg2 Bb7 6.O-O Be7 7.d4 cxd4 8.Qxd4 d6
9.Rd1 O-O 10.b3 Nbd7 11.e4 Qc8 12.Bb2 Rd8 13.Qe3 a6 14.Nd4 Bf8 15.Rac1 Qc7
16.Nd5 Qb8 17.Nxf6+ Nxf6 18.Ne2 Nd7 19.Nf4 Qc7 20.h4 Rac8 21.h5 h6 22.Bh3 Re8
23.Kh2 Qc5 24.Qe2 Qg5 25.Bg2 Qc5 26.Nd3 Qc7 27.e5 Bxg2 28.Kxg2 dxe5 29.Nxe5 Nf6
30.Qf3 Rcd8 31.Ng4 Nh7 32.Be5 Qc5 33.Bf4 Ng5 34.Bxg5 Qxg5 35.Rxd8 Rxd8 36.Rd1 Rxd1
37.Qxd1 Bc5 38.f4 Qf5 39.Ne5 Qe4+ 40.Qf3 Qc2+ 41.Kh3 Qf5+  1/2-1/2

[Event "JUG-ch"]
[Site "Novi Sad"]
[Date "1985.??.??"]
[Round "?"]
[White "Cebalo, Miso"]
[Black "Kobas, Adnan"]
[Result "1-0"]
[WhiteElo "2485"]
[BlackElo "2320"]

1.c4 Nf6 2.Nc3 c5 3.Nf3 g6 4.d4 Bg7 5.e4 O-O 6.Be2 cxd4 7.Nxd4 Nc6 8.Be3 d6
9.O-O a6 10.Rc1 Nxd4 11.Bxd4 Be6 12.Qd2 Qa5 13.Qe3 Rfc8 14.b3 b5 15.f4 bxc4
16.f5 gxf5 17.exf5 Bxf5 18.b4 Qa3 19.Rxf5 Ng4 20.Qg5 f6 21.Qd2 Bh6 22.Rf4 Bxf4
23.Qxf4 Ne5 24.Nd5 Ng6 25.Qh6 Qxa2  1-0

[Event "JUG-ch"]
[Site "Novi Sad"]
[Date "1985.??.??"]
[Round "?"]
[White "Damljanovic, Branko"]
[Black "Filipovic, Branko"]
[Result "1-0"]
[WhiteElo "2410"]
[BlackElo "2395"]

1.Nf3 Nf6 2.c4 c5 3.Nc3 d5 4.cxd5 Nxd5 5.g3 Nc6 6.Bg2 g6 7.Nxd5 Qxd5 8.O-O Bg7
9.d3 O-O 10.Be3 Bd7 11.Nd4 Qd6 12.Nxc6 Bxc6 13.Bxc6 Qxc6 14.Rc1 Bxb2 15.Rxc5 Qa6
16.Qc2 Ba3 17.Rc4 b5 18.Rc6 Qb7 19.Bh6 Rfe8 20.Qc3 e5 21.Rc7 Qa6 22.Qb3 Re6
23.Rb1 Qd6 24.Qc2 a6 25.Rb3 Bb4 26.Rc8+ Re8 27.Rxa8 Rxa8 28.Rxb4 g5 29.Rg4 Qxh6
30.h4 Kh8 31.Rxg5 Qe6 32.e4 Rc8 33.Qd2 f6 34.Rf5 Kg7 35.Rh5 Kg8 36.Qh6 Qf7
37.Rf5 Rf8 38.d4 exd4 39.e5 Qg7 40.Qxg7+ Kxg7 41.exf6+ Rxf6 42.Rd5 Rb6 43.Rxd4 Kf6
44.Rd5 a5 45.Kg2 a4 46.a3 Ke6 47.Rd4 Rb7 48.g4 b4 49.axb4 a3 50.b5 Ra7 51.Rd1 a2
52.Ra1 Kd6 53.b6 Ra3 54.g5 Kc6 55.h5 Kxb6 56.g6 hxg6 57.hxg6 Ra7 58.f4 Kc6
59.f5 Kd7 60.g7 Ra8 61.Re1 Rb8 62.f6 a1=Q 63.Rxa1 Ke6 64.Ra6+ Kf7 65.Kf3 Kg6
66.Ke4 Re8+ 67.Kd5 Kf7 68.Rd6 Rc8 69.Rc6 Ra8 70.Kc5 Rb8 71.Kd6 Rd8+ 72.Ke5  1-0

[Event "NZD-ch"]
[Site "?"]
[Date "1985.??.??"]
[Round "?"]
[White "Stuart, Peter"]
[Black "Green, Peter"]
[Result "1/2-1/2"]
[WhiteElo "2225"]
[BlackElo "2200"]

1.c4 Nf6 2.Nc3 c5 3.Nf3 d5 4.cxd5 Nxd5 5.d4 Nxc3 6.bxc3 g6 7.e3 Bg7 8.Bd3 O-O
9.O-O cxd4 10.cxd4 Nc6 11.Rb1 Rb8 12.Ba3 Re8 13.Qe2 e5 14.Nxe5 Nxe5 15.dxe5 Bxe5
16.Bb5 Bd7 17.Rfd1 Bxb5 18.Qxb5 Qf6 19.Rd7 a6 20.Qd5 b5 21.f4 Bc3 22.Rd6 Rbd8
23.Rxf6 Rxd5 24.Rxa6 Rxe3 25.Rd6 Red3 26.Rxd5 Rxd5 27.Bb2 Bxb2 28.Rxb2 Kf8
29.Kf2 Ke7 30.Ke3 h5 31.Rb4 Kd6 32.a4 bxa4 33.Rxa4 Rb5 34.Ra6+ Kd5 35.Ra7 Rb3+
36.Kf2 Ke6 37.Ra5 Rc3 38.Re5+ Kf6 39.Ra5 Rc2+ 40.Kf3 Rc3+ 41.Kf2 Rc2+ 42.Kf3  1/2-1/2

[Event "SVK-ch"]
[Site "Piestany"]
[Date "1985.??.??"]
[Round "12"]
[White "Banas, Jan"]
[Black "Biro, Karol"]
[Result "1/2-1/2"]
[WhiteElo "2390"]
[BlackElo "2200"]

1.Nf3 Nf6 2.c4 c5 3.Nc3 g6 4.d4 cxd4 5.Nxd4 Bg7 6.e4 O-O 7.Be2 Nc6 8.Be3 b6
9.O-O Bb7 10.f3 e6 11.Qd2 Nxd4 12.Bxd4 d5 13.cxd5 exd5 14.exd5 Nxd5 15.Bxg7  1/2-1/2

[Event "Nordic-chT"]
[Site "Pohja"]
[Date "1985.??.??"]
[Round "?"]
[White "Eng, Holger"]
[Black "Elseth, Roar"]
[Result "1/2-1/2"]
[WhiteElo "2380"]
[BlackElo "2255"]

1.Nf3 c5 2.c4 Nf6 3.Nc3 e6 4.d4 cxd4 5.Nxd4 Bb4 6.Bd2 Nc6 7.a3 Be7 8.Bg5 d5
9.e3 O-O 10.Be2 Nxd4 11.exd4 dxc4 12.Bxc4 a6 13.O-O b5 14.Ba2 Bb7 15.Re1 Qd6
16.d5 exd5 17.Bxd5 Bxd5 18.Nxd5 Qxd5 19.Qxd5 Nxd5 20.Bxe7 Nxe7 21.Rxe7 Rfe8
22.Rxe8+ Rxe8 23.Rc1 g6 24.Kf1 Re6 25.Rc7  1/2-1/2

[Event "Nordic-chT"]
[Site "Pohja"]
[Date "1985.??.??"]
[Round "?"]
[White "Karlsson, Lars"]
[Black "Paavilainen, Jorma"]
[Result "1/2-1/2"]
[WhiteElo "2530"]
[BlackElo "2315"]

1.c4 Nf6 2.Nc3 e6 3.Nf3 c5 4.g3 b6 5.Bg2 Bb7 6.O-O Be7 7.b3 O-O 8.Bb2 d6
9.e3 Nbd7 10.d4 Ne4 11.Qc2 Nxc3 12.Bxc3 cxd4 13.Bxd4 Qc7 14.Rac1 Rfd8 15.h4 h6
16.e4 Rac8 17.Nh2 Bf6 18.Be3 Qb8 19.Qe2 Be7 20.Ng4 Bf8 21.Bd4 Re8 22.Ba1 Qa8
23.f3 d5 24.Qb2 d4 25.Qd2 e5 26.Nf2 Nc5 27.Nd3 a5 28.Nxc5 bxc5 29.Bb2 Bc6
30.Rb1 a4 31.Qd3 axb3 32.axb3 Qb7 33.Bc1 Ra8 34.Rf2 Bd6 35.Rfb2 Ra3 36.Re2  1/2-1/2

[Event "Rubinstein mem"]
[Site "Polanica Zdroj"]
[Date "1985.??.??"]
[Round "3"]
[White "Spiridonov, Nikola"]
[Black "Gruenberg, Hans Ulrich"]
[Result "1/2-1/2"]
[WhiteElo "2400"]
[BlackElo "2455"]

1.Nf3 Nf6 2.c4 c5 3.Nc3 e6 4.e3 b6 5.Be2 Bb7 6.O-O Be7 7.b3 O-O 8.Bb2 d5
9.cxd5 exd5 10.d4 Na6 11.Rc1 Nc7 12.Qc2 Ne6 13.Rfd1 Rc8 14.Qb1 Bd6 15.Bf1 Qe7
16.g3 Rfd8 17.Bg2 Qe8 18.Qd3 Nc7 19.dxc5  1/2-1/2

[Event "Rubinstein mem"]
[Site "Polanica Zdroj"]
[Date "1985.??.??"]
[Round "5"]
[White "Drasko, Milan"]
[Black "Gruenberg, Hans Ulrich"]
[Result "0-1"]
[WhiteElo "2460"]
[BlackElo "2455"]

1.Nf3 Nf6 2.c4 e6 3.Nc3 c5 4.g3 b6 5.Bg2 Bb7 6.O-O d6 7.d4 cxd4 8.Qxd4 a6
9.Bg5 Nbd7 10.Nd2 Bxg2 11.Kxg2 Be7 12.Nde4 Qc7 13.Rfd1 O-O 14.Rd2 Rfd8 15.Rad1 h6
16.Be3 Nc5 17.Nxf6+ Bxf6 18.Qg4 Bxc3 19.bxc3 Kf8 20.Bd4 e5 21.Bxc5 Qxc5 22.Qe4 Rab8
23.Rd5 Qc7 24.Qd3 Ke7 25.c5 dxc5 26.Qxa6 Rxd5 27.Rxd5 Qb7 28.Qd3 Rd8 29.c4 Rxd5
30.cxd5 Kd6 31.e4 f5 32.f3 Qa8 33.g4 f4 34.h4 Qa4 35.Kf1 g6 36.Ke2 c4  0-1

[Event "DSV-Turnier"]
[Site "Potsdam"]
[Date "1985.??.??"]
[Round "9"]
[White "Stohl, Igor"]
[Black "Sygulski, Artur"]
[Result "1-0"]
[WhiteElo "2445"]
[BlackElo "2425"]

1.Nf3 c5 2.c4 Nf6 3.Nc3 g6 4.d4 cxd4 5.Nxd4 Bg7 6.e4 d6 7.Be2 O-O 8.O-O Nc6
9.Be3 a6 10.Qd2 Rb8 11.f3 Bd7 12.Nc2 b5 13.cxb5 axb5 14.Nxb5 Ne8 15.Ncd4 Na5
16.Nc3 Nc7 17.Rab1 Ne6 18.Nxe6 Bxe6 19.Nd5 Bd7 20.b4 e6 21.Bg5 f6 22.Bxf6 Bxf6
23.Nxf6+ Qxf6 24.bxa5 d5 25.exd5 exd5 26.Rxb8 Rxb8 27.Qxd5+ Be6 28.Qd6 Rd8
29.Qb6 Kg7 30.a6 Qd4+ 31.Qxd4+ Rxd4 32.Bb5 Bc4 33.Bxc4 Rxc4 34.Rb1 Ra4 35.Rb7+ Kh6
36.a7 Rxa2 37.h4 Ra4 38.Kf2 Ra3 39.g4 g5 40.hxg5+  1-0

[Event "Prague zt"]
[Site "Prague"]
[Date "1985.??.??"]
[Round "1"]
[White "Suba, Mihai"]
[Black "Ftacnik, Lubomir"]
[Result "1/2-1/2"]
[WhiteElo "2465"]
[BlackElo "2545"]

1.c4 c5 2.Nf3 Nf6 3.Nc3 e6 4.d4 cxd4 5.Nxd4 Bb4 6.g3 Ne4 7.Qd3 Qa5 8.Nb3 Nxc3
9.Bd2 Ne4 10.Qxe4 Bxd2+ 11.Nxd2 Nc6 12.Bg2 O-O 13.Qd3 Qe5 14.Rb1 Nb4 15.Qb3 a5
16.Qc3 f6 17.f4 Qc5 18.a3 Nc6 19.e3 a4 20.Ne4 Qa5 21.Kf2 d5 22.cxd5 exd5
23.Nd6 Rd8 24.Nxc8 Rdxc8 25.Rbc1 Qb5 26.Rhd1 Ne7 27.Qd4 Kh8 28.Bh3 Rxc1 29.Rxc1 Nc6
30.Qc3 Rd8 31.Bg2 Qb6 32.Kf1 h6  1/2-1/2